Of Elephants and Toothaches (Record no. 351481)
[ view plain ]
| 000 -LEADER | |
|---|---|
| fixed length control field | 00625nam a2200121Ia 4500 |
| 008 - FIXED-LENGTH DATA ELEMENTS--GENERAL INFORMATION | |
| fixed length control field | 171212s9999 xx 000 0 und d |
| 020 ## - INTERNATIONAL STANDARD BOOK NUMBER | |
| International Standard Book Number | 9780823267101 |
| 245 ## - TITLE STATEMENT | |
| Statement of responsibility, etc | editor Badowska, Eva;Parmeggiani, Francesca |
| Title | Of Elephants and Toothaches |
| Remainder of title | Ethics, Politics, and Religion in Krzysztof Kieslowski's 'Decalogue |
| 260 ## - PUBLICATION, DISTRIBUTION, ETC. (IMPRINT) | |
| Name of publisher, distributor, etc | Fordham University Press |
| Date of publication, distribution, etc | 2016 |
| 650 ## - SUBJECT ADDED ENTRY--TOPICAL TERM | |
| Topical term or geographic name as entry element | Dekalog (Television program); Kieślowski, Krzysztof, 1941–1996 -- Criticism and interpretation; Television programs -- Poland -- Moral and ethical aspects; Religion on television |
| 650 ## - SUBJECT ADDED ENTRY--TOPICAL TERM | |
| Topical term or geographic name as entry element | Film Studies |
| 856 ## - ELECTRONIC LOCATION AND ACCESS | |
| Uniform Resource Identifier | <a href="http://jstor.org/stable/j.ctt1bmzp6t">http://jstor.org/stable/j.ctt1bmzp6t</a> |
| Withdrawn status | Lost status | Damaged status | Home library | Current library | Date acquired | Total Checkouts | Full call number | Date last seen | Price effective from | Koha item type |
|---|---|---|---|---|---|---|---|---|---|---|
| College Library | College Library | 12/12/2017 | PN 1992.77.D44 .O43 2016 | 12/12/2017 | 12/12/2017 | Curriculum - Based eBooks |